000
00227 a2200097 4500
001
10968
100
_a
Alexonderowiez
245
_a
Constitutional Development in India
260
_a
_b
Oxford University
_c
090
_c
8536
_d
8536
942
_a
NUST-CAE
_c
M
_c
35307
999
_c
246041
_d
246041